| 000 | 00542nam a22001817a 4500 | ||
|---|---|---|---|
| 008 | 131125b xxu||||| |||| 00| 0 ger d | ||
| 041 | 0 | _ager | |
| 080 |
_a342.25 _x(436) |
||
| 100 | 1 | _aNeuhofer, Hans | |
| 245 | 1 | 0 |
_aWegweiser : _cHans Neuhofer |
| 250 | _a43. Auflage | ||
| 260 |
_bLandes Verlag ; _c1993. |
||
| 300 |
_a398 f. : _c21 cm. |
||
| 500 | _aVorwort zur 43. auflage (1993) : f. III | ||
| 650 | 0 |
_aLegjislacioni _zAustria |
|
| 650 | 0 |
_aLegjislacioni federal _zAustria |
|
| 942 |
_2udc _cBK |
||
| 999 |
_c344 _d344 |
||